| 000 | 00694cam a2200157 4500500 | ||
|---|---|---|---|
| 005 | 20260405003723.0 | ||
| 041 | _afre | ||
| 042 | _adc | ||
| 100 | 1 | 0 |
_aRibereau-Gayon, Philippe _eauthor |
| 245 | 0 | 0 | _aThibaut Giraud, La parole aux machines Philosophie des grands modèles de langage. Grasset, 2025, 480 páginas, 25 euros. |
| 260 | _c2026. | ||
| 500 | _a93 | ||
| 520 | _aCon motivo del centenario del Art Déco, varias exposiciones en París y en otras regiones repasan la singularidad y la influencia de este movimiento. | ||
| 786 | 0 | _nÉtudes | 4335 | 3 | 2026-02-25 | p. 123a-124 | |
| 856 | 4 | 1 | _uhttps://shs.cairn.info/revista-etudes-2026-3-page-123a?lang=es&redirect-ssocas=7080 |
| 999 |
_c2070193 _d2070193 |
||